[Event "XIX Najdorf Memorial 2019"]
[Site "Warsaw"]
[Date "2019.07.08"]
[Round "3.5"]
[White "Antolak, Julia"]
[Black "Grib, Roman"]
[Result "0-1"]
[WhiteElo "2258"]
[BlackElo "2421"]
[Annotator "NA"]
[PlyCount "78"]
[EventDate "2019.07.06"]
[EventType "swiss"]
[EventCountry "POL"]
[SourceTitle "playchess.com"]
[Source "ChessBase"]
[SourceQuality "1"]
[TimeControl "40/5400+30:1800+30"]

1. e4 {[%emt 0:00:00]} e5 {[%emt 0:00:00]} 2. Nf3 {[%emt 0:00:00]} Nc6 {[%emt 0:00:00]} 3. Bb5 {[%emt 0:00:00]} a6 {[%emt 0:00:04]} 4. Ba4 {[%emt 0:00:00]} Nf6 {[%emt 0:00:08]} 5. O-O {[%emt 0:00:00]} Be7 {[%emt 0:00:12]} 6. Re1 {[%emt 0:00:00]} b5 {[%emt 0:00:06]} 7. Bb3 {[%emt 0:00:01]} O-O {[%emt 0:00:10]} 8. c3 {[%emt 0:00:02]} d6 {[%emt 0:00:09]} 9. h3 {[%emt 0:00:06]} Nb8 {[%emt 0:00:23]} 10. d4 {[%emt 0:00:05]} Nbd7 {[%emt 0:00:04]} 11. c4 {[%emt 0:00:06]} c6 {[%emt 0:00:15]} 12. a3 {[%emt 0:00:11]} bxc4 {[%emt 0:01:05]} 13. Bxc4 {[%emt 0:00:08]} Nxe4 {[%emt 0:00:08]} 14. dxe5 {[%emt 0:00:14]} d5 {[%emt 0:00:10]} 15. Bd3 {[%emt 0:04:42]} Ndc5 {[%emt 0:01:03]} 16. Bc2 {[%emt 0:03:13]} f5 {[%emt 0:00:46]} 17. exf6 {[%emt 0:17:11]} Bxf6 {[%emt 0:00:14]} 18. Ra2 {[%emt 0:02:47]} Bh4 {[%emt 0:21:49]} 19. Be3 {[%emt 0:09:51]} Bxf2+ {[%emt 0:16:42]} 20. Bxf2 {[%emt 0:00:28]} Nxf2 {[%emt 0:00:03]} 21. Kxf2 {[%emt 0:04:08]} Qh4+ {[%emt 0:00:07]} 22. Kg1 {[%emt 0:18:07]} Rxf3 {[%emt 0:00:17]} 23. gxf3 {[%emt 0:01:32]} Qg3+ {[%emt 0:20:20]} 24. Kh1 {[%emt 0:00:29]} Qxh3+ {[%emt 0:00:06]} 25. Kg1 {[%emt 0:00:04]} Qg3+ {[%emt 0:00:07]} 26. Kh1 {[%emt 0:00:09]} Qh4+ {[%emt 0:01:23]} 27. Kg1 {[%emt 0:01:15]} Bh3 {[%emt 0:02:08]} 28. Bxh7+ {[%emt 0:14:42]} Qxh7 {[%emt 0:05:52]} 29. b4 {[%emt 0:05:07]} Nd3 {[%emt 0:00:37]} 30. Re3 {[%emt 0:05:13]} Qg6+ {[%emt 0:14:56]} 31. Kh2 {[%emt 0:04:41]} Bf5 {[%emt 0:01:03]} 32. f4 {[%emt 0:05:40]} Kf7 {[%emt 0:07:44]} 33. Rg2 {[%emt 0:01:50]} Rh8+ {[%emt 0:00:20]} 34. Kg1 {[%emt 0:00:06]} Qh7 {[%emt 0:00:01]} 35. Kf1 {[%emt 0:01:42]} Nxf4 {[%emt 0:02:18]} 36. Rg1 {[%emt 0:01:59]} Qh2 {[%emt 0:02:56]} 37. Qd4 {[%emt 0:02:05]} Bd3+ {[%emt 0:00:57]} 38. Ke1 {[%emt 0:00:31]} Qxg1+ {[%emt 0:00:06]} 39. Kd2 {[%emt 0:00:04]} Qf2+ {[%emt 0:00:08]} 0-1

[Event "XIX Najdorf Memorial 2019"]
[Site "Warsaw"]
[Date "2019.07.08"]
[Round "3.6"]
[White "Shevchenko, Kirill"]
[Black "Abdumalik, Zhansaya"]
[Result "1-0"]
[WhiteElo "2536"]
[BlackElo "2458"]
[Annotator "ChessBase"]
[PlyCount "81"]
[EventDate "2019.07.06"]
[EventType "swiss"]
[EventCountry "POL"]
[SourceTitle "playchess.com"]
[Source "ChessBase"]
[SourceQuality "1"]
[TimeControl "40/5400+30:1800+30"]

1. d4 {[%emt 0:00:00]} Nf6 {[%emt 0:00:00]} 2. c4 {[%emt 0:00:00]} g6 {[%emt 0:00:00]} 3. Nc3 {[%emt 0:00:00]} d5 {[%emt 0:00:06]} 4. cxd5 {[%emt 0:00:00]} Nxd5 {[%emt 0:00:11]} 5. e4 {[%emt 0:00:00]} Nxc3 {[%emt 0:00:11]} 6. bxc3 {[%emt 0:00:00]} Bg7 {[%emt 0:00:07]} 7. Qa4+ {[%emt 0:00:01]} Nd7 {[%emt 0:02:59]} 8. Nf3 {[%emt 0:00:08]} O-O {[%emt 0:01:03]} 9. Qa3 {[%emt 0:00:17]} e5 {[%emt 0:03:16]} 10. Bd3 {[%emt 0:06:38]} exd4 {[%emt 0:03:31]} 11. cxd4 {[%emt 0:00:12]} c5 {[%emt 0:00:15]} 12. Bg5 {[%emt 0:14:04]} Qb6 {[%emt 0:14:00]} 13. Rb1 {[%emt 0:06:16]} Qe6 {[%emt 0:00:43]} 14. d5 {[%emt 0:16:09]} Qg4 {[%emt 0:01:28]} 15. O-O {[%emt 0:06:55]} Ne5 {[%emt 0:03:41]} 16. Nxe5 {[%emt 0:00:25]} Qxg5 {[%emt 0:02:32]} 17. f4 {[%emt 0:02:51]} Qe7 {[%emt 0:02:26]} 18. Nc4 {[%emt 0:05:51]} Bd4+ {[%emt 0:06:22]} 19. Kh1 {[%emt 0:00:45]} a6 {[%emt 0:05:56]} 20. Rb6 {[%emt 0:06:44]} Qh4 {[%emt 0:03:28]} 21. Qb3 {[%emt 0:13:18]} Rb8 {[%emt 0:05:27]} 22. e5 {[%emt 0:02:41]} Bg4 {[%emt 0:10:35]} 23. Qc2 {[%emt 0:02:50]} Qd8 {[%emt 0:05:08]} 24. Rfb1 {[%emt 0:08:50]} Bd7 {[%emt 0:05:07]} 25. a4 {[%emt 0:00:59]} Bg4 {[%emt 0:02:31]} 26. a5 {[%emt 0:01:08]} Bd7 {[%emt 0:01:37]} 27. Rd6 {[%emt 0:03:12]} Qe7 {[%emt 0:06:21]} 28. Rf6 {[%emt 0:00:51]} Bb5 {[%emt 0:05:04]} 29. Nd6 {[%emt 0:00:43]} Bxd3 {[%emt 0:01:37]} 30. Qxd3 {[%emt 0:00:01]} Qc7 {[%emt 0:00:40]} 31. Nc4 {[%emt 0:01:44]} Qd7 {[%emt 0:02:08]} 32. Nb6 {[%emt 0:00:51]} Qg4 {[%emt 0:00:23]} 33. h3 {[%emt 0:00:31]} Qh4 {[%emt 0:01:18]} 34. Nd7 {[%emt 0:00:16]} Rbd8 {[%emt 0:02:49]} 35. Nxf8 {[%emt 0:00:07]} Rxf8 {[%emt 0:00:25]} 36. Rf1 {[%emt 0:01:27]} Kg7 {[%emt 0:01:24]} 37. Qf3 {[%emt 0:00:19]} Rd8 {[%emt 0:00:34]} 38. Kh2 {[%emt 0:00:33]} Rd7 {[%emt 0:01:49]} 39. g3 {[%emt 0:00:42]} Qh6 {[%emt 0:00:07]} 40. Rd6 {[%emt 0:00:00]} Re7 {[%emt 0:00:00]} 41. Rd8 {[%emt 0:05:05]} 1-0

[Event "XIX Najdorf Memorial 2019"]
[Site "Warsaw"]
[Date "2019.07.08"]
[Round "3.6"]
[White "Zebracki, Tomasz"]
[Black "Tomaszewski, Kacper"]
[Result "1/2-1/2"]
[WhiteElo "2183"]
[BlackElo "2346"]
[Annotator "NA"]
[PlyCount "158"]
[EventDate "2019.07.06"]
[EventType "swiss"]
[EventCountry "POL"]
[SourceTitle "playchess.com"]
[Source "ChessBase"]
[SourceQuality "1"]
[TimeControl "40/5400+30:1800+30"]

1. e4 {[%emt 0:00:00]} c6 {[%emt 0:00:00]} 2. c4 {[%emt 0:00:00]} d5 {[%emt 0:00:00]} 3. cxd5 {[%emt 0:00:12]} cxd5 {[%emt 0:00:06]} 4. exd5 {[%emt 0:00:04]} Nf6 {[%emt 0:00:08]} 5. Nc3 {[%emt 0:00:16]} g6 {[%emt 0:00:18]} 6. Nf3 {[%emt 0:05:01]} Bg7 {[%emt 0:03:57]} 7. Bc4 {[%emt 0:00:31]} O-O {[%emt 0:01:27]} 8. O-O {[%emt 0:00:39]} Nbd7 {[%emt 0:00:27]} 9. d3 {[%emt 0:02:04]} a6 {[%emt 0:01:15]} 10. a4 {[%emt 0:01:08]} b6 {[%emt 0:00:07]} 11. Bf4 {[%emt 0:11:49]} Bb7 {[%emt 0:01:36]} 12. Rc1 {[%emt 0:03:17]} Rc8 {[%emt 0:02:44]} 13. Re1 {[%emt 0:06:24]} h6 {[%emt 0:16:32]} 14. h3 {[%emt 0:01:24]} Kh7 {[%emt 0:02:15]} 15. Nd4 {[%emt 0:20:54]} Nxd5 {[%emt 0:08:05]} 16. Bxd5 {[%emt 0:01:12]} Bxd5 {[%emt 0:00:33]} 17. Nxd5 {[%emt 0:00:35]} Rxc1 {[%emt 0:05:23]} 18. Qxc1 {[%emt 0:00:59]} Nc5 {[%emt 0:00:06]} 19. Qc4 {[%emt 0:18:28]} e6 {[%emt 0:09:08]} 20. Nxb6 {[%emt 0:03:52]} Bxd4 {[%emt 0:01:14]} 21. Rd1 {[%emt 0:00:24]} e5 {[%emt 0:02:02]} 22. Nd5 {[%emt 0:01:29]} Nxa4 {[%emt 0:05:12]} 23. Qxa4 {[%emt 0:00:01]} Qxd5 {[%emt 0:00:12]} 24. Be3 {[%emt 0:00:07]} Bxe3 {[%emt 0:15:28]} 25. fxe3 {[%emt 0:00:01]} Rb8 {[%emt 0:00:09]} 26. Rd2 {[%emt 0:07:21]} Qc5 {[%emt 0:03:56]} 27. Re2 {[%emt 0:00:01]} Qb5 {[%emt 0:07:16]} 28. Qxb5 {[%emt 0:02:38]} Rxb5 {[%emt 0:00:12]} 29. d4 {[%emt 0:01:02]} exd4 {[%emt 0:00:07]} 30. exd4 {[%emt 0:00:04]} Kg7 {[%emt 0:00:07]} 31. Kf2 {[%emt 0:00:14]} Rb3 {[%emt 0:00:22]} 32. Rd2 {[%emt 0:08:23]} Kf6 {[%emt 0:00:08]} 33. Ke2 {[%emt 0:01:12]} Ke6 {[%emt 0:00:07]} 34. Kd1 {[%emt 0:02:55]} Kd5 {[%emt 0:00:27]} 35. Kc2 {[%emt 0:00:07]} Rb4 {[%emt 0:01:22]} 36. Rf2 {[%emt 0:00:21]} f5 {[%emt 0:00:12]} 37. g4 {[%emt 0:00:10]} fxg4 {[%emt 0:00:41]} 38. hxg4 {[%emt 0:00:01]} Rxd4 {[%emt 0:00:12]} 39. Rh2 {[%emt 0:00:49]} Rxg4 {[%emt 0:00:51]} 40. Rxh6 {[%emt 0:00:00]} Kc4 {[%emt 0:00:00]} 41. Rh8 {[%emt 0:03:30]} Rg2+ {[%emt 0:09:19]} 42. Kb1 {[%emt 0:00:11]} g5 {[%emt 0:00:35]} 43. Ra8 {[%emt 0:03:25]} Kb5 {[%emt 0:00:18]} 44. Rb8+ {[%emt 0:01:16]} Kc6 {[%emt 0:00:29]} 45. Ra8 {[%emt 0:00:46]} Kb6 {[%emt 0:01:09]} 46. Rb8+ {[%emt 0:00:17]} Kc7 {[%emt 0:02:09]} 47. Ra8 {[%emt 0:00:08]} Kb7 {[%emt 0:00:47]} 48. Rg8 {[%emt 0:00:02]} g4 {[%emt 0:00:31]} 49. Rg6 {[%emt 0:00:14]} g3 {[%emt 0:00:10]} 50. Ka2 {[%emt 0:00:10]} Rg1 {[%emt 0:00:35]} 51. Kb3 {[%emt 0:00:23]} g2 {[%emt 0:00:19]} 52. Ka2 {[%emt 0:00:23]} Kc7 {[%emt 0:00:12]} 53. Rg7+ {[%emt 0:00:27]} Kd6 {[%emt 0:00:18]} 54. Rg6+ {[%emt 0:00:14]} Ke5 {[%emt 0:00:26]} 55. Rg8 {[%emt 0:00:09]} Kf6 {[%emt 0:01:49]} 56. Rg3 {[%emt 0:00:11]} Kf5 {[%emt 0:00:31]} 57. Rg8 {[%emt 0:00:10]} Kf4 {[%emt 0:00:31]} 58. Rf8+ {[%emt 0:00:07]} Kg5 {[%emt 0:00:16]} 59. Rg8+ {[%emt 0:00:11]} Kh4 {[%emt 0:00:52]} 60. Rh8+ {[%emt 0:00:07]} Kg3 {[%emt 0:00:17]} 61. Rg8+ {[%emt 0:00:10]} Kh3 {[%emt 0:00:56]} 62. Rh8+ {[%emt 0:00:08]} Kg4 {[%emt 0:00:07]} 63. Rg8+ {[%emt 0:00:05]} Kf5 {[%emt 0:00:04]} 64. Rf8+ {[%emt 0:00:23]} Ke5 {[%emt 0:00:16]} 65. Rg8 {[%emt 0:00:10]} Kf6 {[%emt 0:00:29]} 66. Rg3 {[%emt 0:00:06]} a5 {[%emt 0:00:13]} 67. Rg8 {[%emt 0:00:35]} Ke5 {[%emt 0:00:07]} 68. Re8+ {[%emt 0:00:11]} Kd5 {[%emt 0:00:09]} 69. Rg8 {[%emt 0:00:10]} Kc4 {[%emt 0:00:09]} 70. Rc8+ {[%emt 0:00:17]} Kb4 {[%emt 0:00:20]} 71. Rb8+ {[%emt 0:00:03]} Kc5 {[%emt 0:00:06]} 72. Rc8+ {[%emt 0:00:14]} Kd6 {[%emt 0:01:52]} 73. Rg8 {[%emt 0:00:12]} a4 {[%emt 0:00:09]} 74. Rg3 {[%emt 0:00:17]} Ke5 {[%emt 0:00:10]} 75. Rg8 {[%emt 0:00:11]} Kf6 {[%emt 0:00:23]} 76. Rg3 {[%emt 0:00:06]} Kf7 {[%emt 0:00:04]} 77. Rf3+ {[%emt 0:00:18]} Kg6 {[%emt 0:00:51]} 78. Rg3+ {[%emt 0:00:01]} Kf5 {[%emt 0:00:07]} 79. Rg8 {[%emt 0:00:05]} Kf4 {[%emt 0:00:17]} 1/2-1/2

[Event "XIX Najdorf Memorial 2019"]
[Site "Warsaw"]
[Date "2019.07.08"]
[Round "3.7"]
[White "Efimenko, Zahar"]
[Black "Martynyuk, Elizaveta"]
[Result "1-0"]
[WhiteElo "2631"]
[BlackElo "2125"]
[Annotator "TA"]
[PlyCount "47"]
[EventDate "2019.07.06"]
[EventType "swiss"]
[EventCountry "POL"]
[SourceTitle "playchess.com"]
[Source "ChessBase"]
[SourceQuality "1"]

{[%evp 9,47,17,14,15,48,24,18,10,10,6,34,33,21,10,6,0,2,0,0,0,13,11,13,11,22,0,0,0,6,8,12,24,63,51,97,103,461,454,1390,1388]} 1. Nf3 d5 2. g3 Nf6 3. Bg2 c6 4. d3 Bf5 5. Nh4 Bg4 (5... e6 6. Nxf5 exf5 7. Nd2 Bc5 8. O-O O-O 9. e4 fxe4 10. dxe4 dxe4 11. Nxe4 Nxe4 12. Bxe4 Nd7 13. Qf3 {½-½ (52) Fedoseev,V (2702)-Xu,Y (2532) China 2019}) 6. h3 {A07: Réti Opening: New York and Capablanca Systems} Bh5 7. g4 Bg6 $1 8. Nd2 {The position is equal.} e5 9. c4 $146 ({Predecessor:} 9. e3 Nfd7 10. Nxg6 hxg6 11. O-O Bc5 12. c4 {1-0 (68) Sepp,O (2442)-Ladva,O (2310) Viljandi 2013}) 9... Bc5 10. Nxg6 hxg6 11. e3 d4 12. Nb3 Bb4+ 13. Bd2 Bxd2+ 14. Qxd2 dxe3 15. Qxe3 O-O 16. O-O-O Nbd7 17. d4 Qc7 18. Qg3 a5 {[%cal Ba7a5,Ba5a4][%mdl 32]} 19. Rhe1 {[%cal Rd4e5]} a4 20. Nd2 $36 {[%cal Rd4e5][%mdl 2048] White has some pressure.} Rfe8 21. Nf3 $1 {[%cal Rd4e5]} Ra5 22. Re3 b5 $2 {[%mdl 8192] [#]} (22... Re7 $16 {is more resistant.}) 23. dxe5 $18 Nh7 (23... Qb6 $142 24. exf6 Rxe3 25. fxe3 Qxe3+ 26. Kb1 a3) 24. e6 {[%mdl 64] Discovered Attack. Accuracy: White = 60%, Black = 49%.} 1-0

[Event "XIX Najdorf Memorial 2019"]
[Site "Warsaw"]
[Date "2019.07.08"]
[Round "3.7"]
[White "Nguyen, Piotr"]
[Black "Heberla, Bartlomiej"]
[Result "0-1"]
[WhiteElo "2420"]
[BlackElo "2534"]
[Annotator "ChessBase"]
[PlyCount "68"]
[EventDate "2019.07.06"]
[EventType "swiss"]
[EventCountry "POL"]
[SourceTitle "playchess.com"]
[Source "ChessBase"]
[SourceQuality "1"]
[TimeControl "40/5400+30:1800+30"]

1. d4 {[%emt 0:00:00]} d5 {[%emt 0:06:39]} 2. c4 {[%emt 0:00:00]} e6 {[%emt 0:00:07]} 3. Nc3 {[%emt 0:00:09]} a6 {[%emt 0:00:13]} 4. cxd5 {[%emt 0:02:29]} exd5 {[%emt 0:03:52]} 5. Qb3 {[%emt 0:00:04]} c6 {[%emt 0:01:31]} 6. e4 {[%emt 0:00:36]} dxe4 {[%emt 0:00:12]} 7. Bc4 {[%emt 0:00:11]} Qe7 {[%emt 0:00:08]} 8. a4 {[%emt 0:02:08]} Nf6 {[%emt 0:00:02]} 9. Nge2 {[%emt 0:08:18]} Bf5 {[%emt 0:15:05]} 10. O-O {[%emt 0:07:59]} Bg6 {[%emt 0:00:02]} 11. Nf4 {[%emt 0:23:13]} Qc7 {[%emt 0:04:04]} 12. Re1 {[%emt 0:09:43]} Bd6 {[%emt 0:06:17]} 13. g3 {[%emt 0:01:42]} O-O {[%emt 0:00:31]} 14. Nxg6 {[%emt 0:00:18]} hxg6 {[%emt 0:00:08]} 15. Nxe4 {[%emt 0:00:25]} Nxe4 {[%emt 0:00:27]} 16. Rxe4 {[%emt 0:00:04]} Nd7 {[%emt 0:00:06]} 17. Rg4 {[%emt 0:09:31]} Nf6 {[%emt 0:35:59]} 18. Rxg6 {[%emt 0:02:29]} b5 {[%emt 0:01:22]} 19. Bd3 {[%emt 0:06:06]} bxa4 {[%emt 0:00:11]} 20. Rxa4 {[%emt 0:05:38]} Rab8 {[%emt 0:01:55]} 21. Qa2 {[%emt 0:00:10]} Nd5 {[%emt 0:01:28]} 22. Rg4 {[%emt 0:01:11]} Rfe8 {[%emt 0:02:35]} 23. Bh6 {[%emt 0:04:10]} Bf8 {[%emt 0:02:48]} 24. Bf4 {[%emt 0:03:04]} Bd6 {[%emt 0:08:08]} 25. Bxd6 {[%emt 0:01:10]} Re1+ {[%emt 0:00:44]} 26. Kg2 {[%emt 0:00:27]} Qxd6 {[%emt 0:00:02]} 27. Re4 {[%emt 0:05:25]} Rd1 {[%emt 0:01:19]} 28. Qa3 {[%emt 0:04:33]} Qd8 {[%emt 0:06:09]} 29. Bxa6 {[%emt 0:01:46]} Nf6 {[%emt 0:01:24]} 30. Re2 {[%emt 0:01:14]} Qd5+ {[%emt 0:00:11]} 31. Kh3 {[%emt 0:00:37]} Qf5+ {[%emt 0:00:38]} 32. Kg2 {[%emt 0:00:05]} Qd5+ {[%emt 0:00:04]} 33. Kh3 {[%emt 0:00:03]} Rg1 {[%emt 0:00:26]} 34. Ra5 {[%emt 0:01:29]} Qd7+ {[%emt 0:00:14]} 0-1

[Event "XIX Najdorf Memorial 2019"]
[Site "Warsaw"]
[Date "2019.07.08"]
[Round "3.8"]
[White "Goluch, Piotr"]
[Black "Jakubowski, Krzysztof"]
[Result "1-0"]
[WhiteElo "2386"]
[BlackElo "2528"]
[Annotator "TA"]
[PlyCount "95"]
[EventDate "2019.07.06"]
[EventType "swiss"]
[EventCountry "POL"]
[SourceTitle "playchess.com"]
[Source "ChessBase"]
[SourceQuality "1"]

{[%evp 13,98,15,16,6,11,16,5,9,4,0,0,0,0,-10,0,0,0,0,21,0,23,9,16,0,30,-28,0,-25,59,0,-13,0,0,0,0,0,0,-28,14,17,34,0,0,0,0,0,0,0,10,12,16,14,375,77,87,53,225,225,225,225,225,225,225,225,228,228,233,224,260,260,540,421,520,526,519,519,519,512,488,484,603,475,1297,1202,29990,29991,29991]} 1. d4 Nf6 2. c4 e6 3. g3 d5 4. Nf3 dxc4 5. Bg2 Nc6 6. Qa4 Bb4+ 7. Bd2 Nd5 8. Qb5 {E04: Open Catalan: 5 Nf3} (8. Bxb4 Ndxb4 9. O-O Rb8 10. Na3 O-O 11. Qb5 b6 12. Qxc4 Ba6 13. Nb5 Qe8 14. Rfc1 Nd5 15. Qxc6 Qxc6 16. Rxc6 Bxb5 17. Rc2 Rfc8 {½-½ (33) So,W (2780)-Caruana,F (2822) Saint Louis 2018}) 8... Bxd2+ 9. Nbxd2 c3 10. bxc3 {The position is equal.} Nxc3 11. Qd3 Nd5 12. O-O O-O 13. Rfc1 Qe7 14. a3 Rd8 15. Rab1 Nb6 16. Qc3 $146 a5 17. e3 Bd7 18. Ne4 Be8 19. Qb2 (19. Qc5 $142) 19... Ra7 20. Nc3 Nb8 (20... Nc4 $11 21. Qa1 Nb8) 21. Nb5 (21. Ne5 $14) 21... Bxb5 $1 $11 22. Qxb5 Nd5 23. Ne5 c6 24. Qb2 {Hoping for Bxd5.} Nd7 25. Nc4 g6 26. e4 Nc7 27. Qc3 {[%mdl 1024] White has compensation.} Nb5 28. Qe3 a4 29. e5 Nb8 30. Rb4 Na6 31. Rxa4 Rxd4 32. Ra5 {Threatens to win with Rxb5!} Rd7 $2 {[%mdl 8192] [#]} (32... Qd8 $11 {and Black stays safe.}) 33. a4 $2 (33. Rxb5 $1 $18 {[%mdl 512]} cxb5 34. Nb6) 33... Nd4 $16 34. Nd6 $36 {[%mdl 2048] White has some pressure.} c5 $2 (34... Rxd6 $1 $14 35. exd6 Qxd6) 35. Rcxc5 $1 $18 Nxc5 36. Rxa7 Rxd6 37. exd6 Qxd6 38. Ra8+ Kg7 {[#]} 39. a5 $1 e5 40. h4 h5 41. Re8 f6 $2 (41... Nde6 42. Bxb7 {[%mdl 64] Remove Defender} Nxb7) 42. Qa3 e4 43. Qa2 {White threatens Qg8+ and mate.} Nde6 {[#]} 44. Bxe4 $1 {[%mdl 512]} Qd7 {[#]} (44... Nxe4 45. Qxe6) 45. Rxe6 $1 {[%mdl 512]} Nxe6 {[#]} 46. Bxb7 $1 {[%mdl 512]} Qd1+ (46... Qxb7 47. Qxe6) 47. Kg2 Nd4 (47... Nc5 $142 48. a6 Qd7) 48. a6 {Played: Qa2-d5} 1-0

[Event "XIX Najdorf Memorial 2019"]
[Site "Warsaw"]
[Date "2019.07.08"]
[Round "3.8"]
[White "Bednarczyk, Damian"]
[Black "Menezes, Christoph"]
[Result "0-1"]
[WhiteElo "2256"]
[BlackElo "2413"]
[Annotator "NA"]
[PlyCount "76"]
[EventDate "2019.07.06"]
[EventType "swiss"]
[EventCountry "POL"]
[SourceTitle "playchess.com"]
[Source "ChessBase"]
[SourceQuality "1"]
[TimeControl "40/5400+30:1800+30"]

1. e4 {[%emt 0:01:00]} c5 {[%emt 0:00:00]} 2. c4 {[%emt 0:00:16]} Nc6 {[%emt 0:01:30]} 3. Ne2 {[%emt 0:00:08]} Nf6 {[%emt 0:01:28]} 4. Nbc3 {[%emt 0:00:10]} e6 {[%emt 0:00:37]} 5. d4 {[%emt 0:01:20]} cxd4 {[%emt 0:00:16]} 6. Nxd4 {[%emt 0:00:08]} Bb4 {[%emt 0:00:30]} 7. Nxc6 {[%emt 0:00:10]} bxc6 {[%emt 0:00:24]} 8. Bd3 {[%emt 0:00:14]} e5 {[%emt 0:01:03]} 9. O-O {[%emt 0:01:58]} O-O {[%emt 0:03:39]} 10. Bg5 {[%emt 0:06:42]} h6 {[%emt 0:02:41]} 11. Bh4 {[%emt 0:00:36]} Bc5 {[%emt 0:02:02]} 12. Kh1 {[%emt 0:10:44]} d6 {[%emt 0:07:54]} 13. f3 {[%emt 0:14:00]} Bd4 {[%emt 0:05:46]} 14. Rb1 {[%emt 0:04:32]} Be6 {[%emt 0:09:32]} 15. Qd2 {[%emt 0:06:45]} Nxe4 {[%emt 0:07:40]} 16. Qe1 {[%emt 0:01:27]} Nf6 {[%emt 0:03:52]} 17. f4 {[%emt 0:11:26]} e4 {[%emt 0:23:51]} 18. Nxe4 {[%emt 0:09:24]} d5 {[%emt 0:03:17]} 19. Nxf6+ {[%emt 0:02:57]} Bxf6 {[%emt 0:00:07]} 20. Bxf6 {[%emt 0:00:23]} Qxf6 {[%emt 0:00:05]} 21. f5 {[%emt 0:00:08]} Bd7 {[%emt 0:00:21]} 22. Qg3 {[%emt 0:02:02]} Rfe8 {[%emt 0:01:55]} 23. b4 {[%emt 0:12:26]} Re5 {[%emt 0:02:35]} 24. cxd5 {[%emt 0:03:14]} cxd5 {[%emt 0:00:50]} 25. Qf2 {[%emt 0:00:47]} Qb6 {[%emt 0:01:15]} 26. h3 {[%emt 0:04:24]} Re3 {[%emt 0:01:25]} 27. Rbd1 {[%emt 0:01:32]} f6 {[%emt 0:04:53]} 28. Qf4 {[%emt 0:02:09]} Rae8 {[%emt 0:01:05]} 29. Bc2 {[%emt 0:00:33]} Bb5 {[%emt 0:00:50]} 30. Rf2 {[%emt 0:00:44]} Bc4 {[%emt 0:00:32]} 31. Qd4 {[%emt 0:02:00]} Re1+ {[%emt 0:06:28]} 32. Kh2 {[%emt 0:00:01]} Qb8+ {[%emt 0:01:38]} 33. g3 {[%emt 0:00:35]} R8e3 {[%emt 0:01:12]} 34. Qg4 {[%emt 0:01:05]} R3e2 {[%emt 0:02:50]} 35. Rd2 {[%emt 0:00:29]} Rxd2 {[%emt 0:01:21]} 36. Rxd2 {[%emt 0:00:01]} Qb6 {[%emt 0:00:19]} 37. Rg2 {[%emt 0:00:39]} Bf1 {[%emt 0:01:01]} 38. Rd2 {[%emt 0:01:00]} Bd3 {[%emt 0:00:07]} 0-1

[Event "XIX Najdorf Memorial 2019"]
[Site "Warsaw"]
[Date "2019.07.08"]
[Round "3.9"]
[White "AlHuwar, Jasem"]
[Black "Terletsky, Oleg"]
[Result "1-0"]
[WhiteElo "2255"]
[BlackElo "2408"]
[Annotator "NA"]
[PlyCount "59"]
[EventDate "2019.07.06"]
[EventType "swiss"]
[EventCountry "POL"]
[SourceTitle "playchess.com"]
[Source "ChessBase"]
[SourceQuality "1"]
[TimeControl "40/5400+30:1800+30"]

1. Nf3 {[%emt 0:06:10]} Nf6 {[%emt 0:00:00]} 2. g3 {[%emt 0:00:05]} g6 {[%emt 0:00:00]} 3. b3 {[%emt 0:00:02]} d5 {[%emt 0:00:00]} 4. c4 {[%emt 0:00:05]} d4 {[%emt 0:00:08]} 5. Bb2 {[%emt 0:00:42]} c5 {[%emt 0:00:13]} 6. b4 {[%emt 0:05:25]} Bg7 {[%emt 0:04:11]} 7. bxc5 {[%emt 0:00:22]} Nc6 {[%emt 0:00:04]} 8. d3 {[%emt 0:01:46]} O-O {[%emt 0:00:29]} 9. Nbd2 {[%emt 0:00:20]} e5 {[%emt 0:01:35]} 10. Bg2 {[%emt 0:00:09]} Nd7 {[%emt 0:02:23]} 11. Nb3 {[%emt 0:00:29]} Re8 {[%emt 0:14:34]} 12. Nfd2 {[%emt 0:09:31]} f5 {[%emt 0:02:47]} 13. a4 {[%emt 0:01:27]} Bf8 {[%emt 0:19:52]} 14. Ba3 {[%emt 0:03:40]} Nf6 {[%emt 0:00:07]} 15. Qc2 {[%emt 0:01:44]} e4 {[%emt 0:04:43]} 16. dxe4 {[%emt 0:09:27]} fxe4 {[%emt 0:00:06]} 17. Nxe4 {[%emt 0:00:06]} Bf5 {[%emt 0:01:20]} 18. Nxf6+ {[%emt 0:01:33]} Qxf6 {[%emt 0:00:09]} 19. Qd2 {[%emt 0:02:36]} Bg4 {[%emt 0:02:52]} 20. O-O {[%emt 0:04:34]} Rxe2 {[%emt 0:04:25]} 21. Bd5+ {[%emt 0:03:49]} Kh8 {[%emt 0:01:04]} 22. Qd3 {[%emt 0:00:17]} Bg7 {[%emt 0:03:27]} 23. h3 {[%emt 0:09:52]} Ne5 {[%emt 0:01:38]} 24. Qd1 {[%emt 0:00:37]} Bf3 {[%emt 0:15:10]} 25. Nxd4 {[%emt 0:00:27]} Bxd5 {[%emt 0:07:58]} 26. cxd5 {[%emt 0:00:06]} Nf3+ {[%emt 0:05:09]} 27. Nxf3 {[%emt 0:00:06]} Qxf3 {[%emt 0:00:03]} 28. Ra2 {[%emt 0:00:13]} Rae8 {[%emt 0:00:50]} 29. d6 {[%emt 0:00:44]} R8e3 {[%emt 0:01:57]} 30. Rxe2 {[%emt 0:00:37]} 1-0